| 000 | 01882nam a22002537a 4500 | ||
|---|---|---|---|
| 999 |
_c5132 _d5132 |
||
| 003 | OSt | ||
| 005 | 20240322112933.0 | ||
| 008 | 180220b xxu||||| |||| 00| 0 spa d | ||
| 020 | _a9789873678806 | ||
| 040 | _cPJ | ||
| 100 |
_aPassarella, Julián E. _96256 |
||
| 245 | 1 | 3 |
_aLa llamada delegación legislativa impropia en el ámbito nacional y en los regímenes locales / _bJulián E. Passarella. |
| 260 |
_aSanta Fe : _bCívica, _c2024. |
||
| 300 |
_a648 p. _c23 cm. |
||
| 500 | _aIncluye apartado con jurisprudencia citada. | ||
| 504 | _aBibliografía: p. 633-648 | ||
| 505 | _aEn la República Argentina, tanto el Poder Ejecutivo nacional como los ejecutivos provinciales y municipales tienen a su cargo la aplicación, integración y puesta en práctica de las leyes y ordenanzas. Esta atribución es ejercida a través del dictado de normas reglamentarias de distinta jerarquía, intensidad y amplitud, que el autor clasifica en reglamentos de ejecución, reglamentos autorizados o de integración —a partir de una delegación legislativa impropia— y reglamentos delegados. La tesis consiste en delimitar los contornos y demostrar la existencia de la llamada “delegación legislativa impropia”, tanto en el ámbito nacional como en los regímenes provinciales y municipales. Dicho objetivo es abordado a partir del estudio del régimen federal argentino, de las constituciones de la Nación y de las provincias, de la doctrina y, principalmente, de la jurisprudencia de la Corte Suprema de Justicia de la Nación y de los tribunales de la mayoría de las provincias de nuestro país. | ||
| 650 |
_aDERECHO ADMINISTRATIVO _9211 |
||
| 650 | 0 |
_aADMINISTRACION PUBLICA _9877 |
|
| 650 | 0 |
_aDELEGACION LEGISLATIVA _9187 |
|
| 650 | 0 |
_aFACULTADES REGLAMENTARIAS _96257 |
|
| 942 |
_2udc _cLIB _h342.922 _iPAS |
||